| 000 | 00984cab a2200277 4500 | ||
|---|---|---|---|
| 001 | ABS53751 | ||
| 008 | 090401t1995 xxu||||| |||| 00| 0 eng d | ||
| 035 | _a(Sirsi) u6412 | ||
| 041 | _aeng | ||
| 100 | _aBright, S. | ||
| 245 | _aUnfair terms in land contracts: Copy out or cop out? | ||
| 260 | _c1995 | ||
| 350 | _a0 | ||
| 490 |
_aLaw Quarterly Review _v(111) October 1995, 655-673(19) |
||
| 520 | _aConsiders the legislative process and scope of the Unfair Terms in Consumer Contracts Regulations 1994 (SI 3159), that arose from the EC Unfair Terms directive (93/13). Looks at its application and implications to land contracts on a national and European scale. | ||
| 650 | _aDIRECTIVE 93/13 | ||
| 650 | _aLAND CONTRACTS | ||
| 650 | _aLAND LAW | ||
| 650 | _aSI 1994:3159 | ||
| 650 | _aUNFAIR TERMS DIRECTIVE | ||
| 650 | _aUNFAIR TERMS IN CONSUMER REGULATIONS 1994 | ||
| 690 | _aEUROPE-SINGLE MARKET | ||
| 700 | _aBright, C. | ||
| 942 | _n0 | ||
| 948 | _c04/03/1997 | ||
| 999 |
_c3859 _d3859 |
||